figure skating elements - Statistics

General Stats
  • This quiz has been taken 156 times
  • The average score is 9 of 12
Answer Stats
% Correct
Axel
98%
Lutz
93%
Toe Loop
93%
Loop
91%
Flip
89%
Salchow
88%
Camel
67%
Sit
65%
Waltz
62%
Euler
46%
Layback
42%
Upright
38%
No matching quizzes found
Score Distribution
Percent of People with Each Score
Percentile by Number Answered
Your Score History
You have not taken this quiz